La universidad piensa la paz (Registro nro. 303999)
[ vista simple ]
| 000 -ENCABEZADO | |
|---|---|
| Número de control [NR] | 01385cam a2200289 a 4500 |
| 005 - FECHA Y HORA DE LA ÚLTIMA TRANSACCIÓN | |
| control field | 20160818095835.0 |
| 008 - DE LONGITUD FIJA DE DATOS DE ELEMENTOS - INFORMACIÓN GENERAL | |
| Elementos de longitud fija [NR] | 160818s2002 ck fr 100 0 spa d |
| 020 ## - NUMERO INTERNACIONAL NORMALIZADO PARA LIBROS [R] | |
| Número Internacional Normalizado del libro [NR] | 9587011678 |
| 020 ## - NUMERO INTERNACIONAL NORMALIZADO PARA LIBROS [R] | |
| Número Internacional Normalizado del libro [NR] | 9789587011678 |
| 035 ## - NUMERO DE CONTROL DEL SISTEMA [R] | |
| Número de control del sistema [NR] | (Sirsi) a643243 |
| 040 ## - FUENTE DE CATALOGACION [NR] | |
| Agencia de catalogación original [NR] | CO-BoUCM |
| Quien Cataloga | Saul Niño |
| Quien Clasifica | Saul Niño |
| 041 0# - CODIGO DE IDIOMA [R] | |
| Código de idioma para texto/pista de sonido o título separado [R] | Español |
| 111 2# - ASIENTO PRINCIPAL--NOMBRE DE REUNION [NR] | |
| Nombre de reunión o de jurisdicción como elemento de entrada [NR] | Seminario internacional la universidad piensa la paz |
| Fecha de la reunión [NR] | (2000 : |
| Lugar de la reunión [NR] | Bogotá) |
| 9 (RLIN) | 78862 |
| 245 13 - MENCION DE TITULO [NR] | |
| Título [NR] | La universidad piensa la paz |
| Parte restante del título [NR] | obstáculos y posibilidades |
| Mención de responsabilidad, etc. [NR] | Angelo Papacchini... [y otrosl.] ; compiladores Carmen Lucía Díaz, Claudia Mosquera y Fabio Fajardo |
| 260 ## - PUBLICACION, DISTRIBUCION, ETC. (PIE DE IMPRENTA) [R] | |
| Lugar de publicación, distribución, etc. [R] | Bogotá (Colombia) |
| Nombre del editor, distribuidor, etc. [R] | Universidad Nacional de Colombia |
| Fecha de publicación, distribución, etc. [R] | 2002 |
| 300 ## - DESCRIPCION FISICA [R] | |
| Extensión [R] | 454 páginas |
| 650 #7 - ASIENTO SECUNDARIO DE MATERIA - TERMINO TEMATICO [R] | |
| Término temático o nombre geográfico como elemento de entrada [NR] | Educación para la paz |
| Subdivisión de forma [R] | Congresos, conferencias, etc. |
| Subdivisión geográfica [R] | Colombia |
| 9 (RLIN) | 13849 |
| 650 #7 - ASIENTO SECUNDARIO DE MATERIA - TERMINO TEMATICO [R] | |
| Término temático o nombre geográfico como elemento de entrada [NR] | Paz |
| Subdivisión general [R] | Aspectos sociales |
| Subdivisión geográfica [R] | Colombia |
| Subdivisión de forma [R] | Congresos, conferencias, etc. |
| 9 (RLIN) | 21202 |
| 650 #7 - ASIENTO SECUNDARIO DE MATERIA - TERMINO TEMATICO [R] | |
| Término temático o nombre geográfico como elemento de entrada [NR] | Universidades |
| Subdivisión general [R] | Aspectos sociales |
| Subdivisión geográfica [R] | Colombia |
| Subdivisión de forma [R] | Congresos |
| 9 (RLIN) | 25978 |
| 690 #0 - ASUNTO AGREGADO LOCAL DE ENTRADA - TÉRMINO TEMÁTICO (OCLC, RLIN) | |
| Acceso temático local | Teoría de la educación |
| 9 (RLIN) | 25273 |
| 700 1# - ASIENTO SECUNDARIO - NOMBRE PERSONAL [R] | |
| Nombre personal [NR] | Papacchini, Angelo |
| Fechas asociadas con el nombre [NR] | 1949- |
| 9 (RLIN) | 78863 |
| 700 1# - ASIENTO SECUNDARIO - NOMBRE PERSONAL [R] | |
| Nombre personal [NR] | Díaz, Carmen Lucía |
| 9 (RLIN) | 78864 |
| 700 1# - ASIENTO SECUNDARIO - NOMBRE PERSONAL [R] | |
| Nombre personal [NR] | Mosquera, Claudia |
| 9 (RLIN) | 78865 |
| 710 2# - ASIENTO SECUNDARIO - NOMBRE CORPORATIVO [R] | |
| Nombre corporativo o de jurisdicción como elemento de entrada [NR] | Universidad Nacional de Colombia |
| Unidad subordinada [R] | Dirección Académica |
| -- | División de Extensión |
| Nombre de la parte o sección de la obra [R] | Programa de Iniciativas Universitarias para la Paz y la Convivencia |
| 9 (RLIN) | 78866 |
| 942 ## - ELEMENTOS DE ENTRADA AGREGADOS (KOHA) | |
| Sistema de clasificación | DEWEY |
| Tema principal | Educación |
| Tipo de ítem principal el descrito en 300a | Libro |
| Edición | 1 |
| Clasificación | 370.115 |
| Parte restante de la signatura top. | U588un |
| Fecha de último préstamo | Total préstamos | Signatura topográfica | Código de barras | Última vez visto | Ejemplar | Costo de reposición | Price effective from | Tipo de ítem | Nota pública (OPAC) | Perdido | Sistema de clasificación | Dañado | No prestable | Tipo de ítem específico | Suprimido | Ubicación habitual | Ubicación actual | Localización | Fecha de creación | Proveedor | Forma de adquisición | Costo |
|---|---|---|---|---|---|---|---|---|---|---|---|---|---|---|---|---|---|---|---|---|---|---|
| 07/09/2018 | 1 | 370.115 U588un | 100150239 | 04/12/2025 | Ej.1 | 26000.00 | 05/08/2016 | Libro | Galería de donantes | DEWEY | Libro | Claustro | Claustro | 3er piso | 05/08/2016 | 12 | Donación | 0.00 |